书目信息 |
| 题名: |
建设工程监理基本理论与相关法规最后8套题
|
|
| 作者: | ;中华考试网考试命题研究组 组编 | |
| 分册: | ||
| 出版信息: | 沈阳 辽宁科学技术出版社 2008.12 |
|
| 页数: | 85页 | |
| 开本: | 26cm | |
| 丛书名: | ||
| 单 册: | ||
| 中图分类: | TU712-44 | |
| 科图分类: | ||
| 主题词: | 建筑工程--监督管理--工程技术人员--资格考核--习题 | |
| 电子资源: | ||
| ISBN: | 978-7-5381-5764-2 | |
| 000 | 01341nam0 22002531 450 | |
| 001 | 0011136318 | |
| 005 | 20101214205135.0 | |
| 010 | @a978-7-5381-5764-2@b@dCNY19.80 | |
| 100 | @a20090212d2008 em y0chiy0110 ea | |
| 101 | 0 | @achi |
| 102 | @aCN@b210000@2GB2260 | |
| 105 | @ay z 000yy | |
| 106 | @ar | |
| 200 | 1 | @a建设工程监理基本理论与相关法规最后8套题@Ajian she gong cheng jian li ji ben li lun yu xiang guan fa gui zui hou 8 tao ti@f中华考试网考试命题研究组组编 |
| 210 | @a沈阳@c辽宁科学技术出版社@d2008.12 | |
| 215 | @a85页@d26cm | |
| 300 | @a2009全国注册监理工程师执业资格考试名师考前预测 | |
| 330 | @a本套预测试卷依据《2009全国注册监理工程师执业资格考试大纲》最新修订精神,在深入剖析历年试题和复习备考规律的基础上,逐题推敲、精心编写而成,为编写老师的呕心沥血之作,凝结了考前预测之精华,权威性、预测性、实践性不言而喻,不失为一本帮助广大考生实现考试高分过关的绝佳参考指导用书。另外,编者在认真研读历年考点的基础上,将教材进行大范围的浓缩,进行了大胆的预测,提炼了适量精华考点,旨在帮助广大考生节省复习时间,做到事半功倍。 | |
| 333 | @a本书适用于从事建筑行业的相关读者了解及阅读。 | |
| 606 | 0 | @a建筑工程@x监督管理@x工程技术人员@x资格考核@x习题 |
| 690 | @aTU712-44@v5 | |
| 711 | 02 | @a中华考试网考试命题研究组@Azhong hua kao shi wang kao shi ming ti yan jiu zu@4组编 |
| 905 | @aBZT@dTU712-44@e10 | |
| 906 | @dCNY19.80@n0@r1 | |
| 建设工程监理基本理论与相关法规最后8套题/中华考试网考试命题研究组组编.-沈阳:辽宁科学技术出版社,2008.12 |
| 85页;26cm |
| 2009全国注册监理工程师执业资格考试名师考前预测.-使用对象:本书适用于从事建筑行业的相关读者了解及阅读。 |
| ISBN 978-7-5381-5764-2:CNY19.80 |
| 本套预测试卷依据《2009全国注册监理工程师执业资格考试大纲》最新修订精神,在深入剖析历年试题和复习备考规律的基础上,逐题推敲、精心编写而成,为编写老师的呕心沥血之作,凝结了考前预测之精华,权威性、预测性、实践性不言而喻,不失为一本帮助广大考生实现考试高分过关的绝佳参考指导用书。另外,编者在认真研读历年考点的基础上,将教材进行大范围的浓缩,进行了大胆的预测,提炼了适量精华考点,旨在帮助广大考生节省复习时间,做到事半功倍。 |
| ● |
| 相关链接 |
|
|
|
正题名:建设工程监理基本理论与相关法规最后8套题
索取号:TU712-44/10
 
预约/预借
| 序号 | 登录号 | 条形码 | 馆藏地/架位号 | 状态 | 备注 |
| 1 | 775368 | 2000775368 | 中心书库中库/ 中库022架B面6列5层41/ [索取号:TU712-44/10] | 在馆 | |
| 2 | 775369 | 2000775369 | 中心书库中库/ 中库022架B面6列5层38/ [索取号:TU712-44/10] | 在馆 | |
| 3 | 775370 | 2000775370 | 中心书库中库/ 中库022架B面6列5层39/ [索取号:TU712-44/10] | 在馆 | |
| 4 | 775371 | 2000775371 | 中心书库中库/ 中库022架B面6列5层40/ [索取号:TU712-44/10] | 在馆 | |
| 5 | 775372 | 2000775372 | 中心书库中库/ 中库022架B面6列5层37/ [索取号:TU712-44/10] | 在馆 | |
| 6 | 775373 | 2000775373 | 中心书库中库/ 中库022架B面6列5层36/ [索取号:TU712-44/10] | 在馆 | |
| 7 | 775374 | 2000775374 | 中心书库中库/ 中库022架B面6列5层35/ [索取号:TU712-44/10] | 在馆 | |
| 8 | 775375 | 2000775375 | 中心书库中库/ 中库022架B面6列5层34/ [索取号:TU712-44/10] | 在馆 | |
| 9 | 775376 | 2000775376 | 中心书库中库/ 中库022架B面6列5层31/ [索取号:TU712-44/10] | 在馆 | |
| 10 | 775377 | 2000775377 | 中心书库中库/ 中库022架B面6列5层32/ [索取号:TU712-44/10] | 在馆 |